Ancient History by Letter 'P' - Statistics

General Stats
  • This quiz has been taken 1,505 times
    1,471 since last reset
  • The average score is 14 of 20
Answer Stats
Hint Answer % Correct
A ruler of Ancient Egypt, many of them were considered gods Pharaoh
95%
In Greek mythology she opened a box that contained all the worlds evils Pandora
94%
These triangular Egyptian structures were built as burial places for Egyptian rulers Pyramids
94%
Founder of the academy of Athens who was tutored by Socrates Plato
93%
An animal that naturally preys on others; Tyrannosaurus Rex for example Predator
89%
Ancient Egyptian plant used to make paper, rope, baskets etc... Papyrus
87%
Temple on the Anthenean Acropolis dedicated to the Greek gods Parthenon
87%
The theorum of this Anicent Greek mathematician helps us find the length of a hypotenuse Pythagoras
86%
Name of the series of wars fought between Rome and Carthage from 264-146 BC Punic Wars
77%
Hero in Greek mythology who slew Medusa Perseus
75%
Name of the wars fought between Athens and Sparta from 431 BC-404 BC Peloponnesian Wars
71%
Roman god of the Underworld whose Greek equivalent is Hades Pluto
69%
A Roman common person Plebeian
68%
Ancient Jordanian city, now one of the Seven Wonders of the Modern World Petra
65%
He gave fire to mortals in Greek mythology Prometheus
58%
Greek for 'finger' this military formation often used spears and pikes Phalanx
57%
200 Years of Roman Peace established by Emperor Augustus Pax Romana
51%
BONUS: What "Ancient" Galactic Emperor was also known as Darth Sidius? Palpatine
45%
Leader of the Atheneans during its Golden Age aka the "Olympian" Pericles
36%
Greek astronomer who believed that Earth was at the center of the universe Ptolemy
26%
No matching quizzes found
Score Distribution
Percent of People with Each Score
Percentile by Number Answered
Your Score History
You have not taken this quiz since the last reset